Normal view
MARC view
- Siddiqui, Dua
Entry Personal Name
001 - CONTROL NUMBER
- control field: 134464
003 - CONTROL NUMBER IDENTIFIER
- control field: NUST
005 - DATE AND TIME OF LATEST TRANSACTION
- control field: 20260514105855.0
008 - FIXED-LENGTH DATA ELEMENTS
- fixed length control field: 260514|| aca||aabn | a|a d
040 ## - CATALOGING SOURCE
- Original cataloging agency: NUST
- Transcribing agency: NUST
100 ## - HEADING--PERSONAL NAME
- Personal name: Siddiqui, Dua
670 ## - SOURCE DATA FOUND
- Source citation: Work cat.: (NUST): Siddiqui, Dua, LAUGH, ENGAGE, ACT: EXAMINING THE EFFECT OF MEME MARKETING DIMENSIONS ON GEN Z’S BRAND BEHAVIOR THROUGH PERCEIVED HUMOR AND SOCIAL MEDIA ENGAGEMENT/
